| 000 | 00783nam a2200253 a 4500 | ||
|---|---|---|---|
| 001 | 72290 | ||
| 003 | BD-RjUL | ||
| 005 | 20211209082237.0 | ||
| 008 | 170516r19651960nyua b 001 0 eng | ||
| 035 | _a(BD-RjUL)72507 | ||
| 040 |
_aDLC/ICU _cICU _dDLC _dBD-RjUL _beng |
||
| 041 | _aeng | ||
| 082 | 0 | 0 |
_222 _a541.341 _bJOD 1965 |
| 100 | 1 |
_aJost, Wilhelm, _d1903- _9213756 |
|
| 245 | 1 | 0 |
_aDiffusion in solids, liquids, gases / _cBy W. Jost. |
| 250 | _a3d print. with addendum. | ||
| 260 |
_aNew York : _bAcademic Press, _c1960 [printing 1965]. |
||
| 300 |
_a558 p. ; _bill. ; _c24 cm. |
||
| 490 | 1 |
_aPhysical chemistry; a series of monographs, _vv. 1 |
|
| 500 | _aIncludes index. | ||
| 650 | 0 |
_aDiffusion. _9155957 |
|
| 830 | 0 |
_aPhysical chemistry ; _vv. 1. _9213760 |
|
| 942 |
_2ddc _cBK |
||
| 999 |
_c72290 _d72290 |
||